| 000 | nam a22 a 4500 | ||
|---|---|---|---|
| 999 |
_c4417 _d4417 |
||
| 005 | 20170530091940.0 | ||
| 008 | 170530b2001 my ||||| |||| 00| 0 eng d | ||
| 040 | _aAKMAL | ||
| 082 | _a382.9209595 ABD | ||
| 090 |
_a382.9209595 _bABD |
||
| 100 |
_aAbdul Wahid bin Sulong _98587 |
||
| 245 |
_aMalaysia Accession into the World Trade Organization (WTO): _bProspects and Challenges / _cAbdul Wahid bin Sulong |
||
| 260 |
_aMalaysia _c2001 |
||
| 300 | _ccm | ||
| 942 |
_2ddc _cBOOK |
||